000 00595nam a2200229Ia 4500
003 OSt
005 20250830152024.0
008 210423s2014 xx 000 0 und d
020 _a978-93-83028-71-9
040 _cAL
041 _aEnglish
082 _a331.31
_bJAIG
100 _aShobh Jain
_9118726
245 _aGlobal child labour problem
260 _aNew Delhi
_bAdvance learner press
_c2014
300 _a360
_bHB
365 _b1400
_cINR
650 _aEconomics
_9118727
650 _aLabour Economics
_9118728
906 _achild ; Global ; labour ; problem
942 _2ddc
_cBK
999 _c176481
_d176481